000 00506nam a22001937a 4500
999 _c6818
_d6818
003 OSt
005 20210315160534.0
008 210315b ||||| |||| 00| 0 eng d
020 _a9211127017
040 _cDDc
082 _a338.9LEA 2006.
100 _aUNCTAD secretariate.
_913969
245 _aThe Least Developed Countries Report 2006.
260 _aNew York,
_bUnited, nations
_c2006.
300 _a352p;
_bcol,ill;
_c29cm.
504 _aindex,
650 _aun report
_913970
942 _2ddc
_cO_SHELF